Organizácia a riadenie strojárskej výroby

Na minha lista:
Detalhes bibliográficos
Main Authors: Marko, Jozef (Author), Malý, Ján (Author), Štrpka, Alexander, 1938- (Author), Dobrovodský, Dušan (Author)
Formato: Livro
Idioma:eslovaco
Publicado em: Bratislava : Alfa, 1977
Edição:1. vyd.
Tags: Adicionar Tag
Sem tags, seja o primeiro a adicionar uma tag!

MARC

LEADER 00000nam a22000003a 4500
001 stu53639
005 20150617225702.4
008 000518s1977----cs------------------slo-d
040 |a STU  |b slo 
041 0 |a slo 
044 |a cs 
080 |a 65.012.4 
080 |a 621(075.8) 
100 1 |a Marko, Jozef  |4 aut  |u M  |T MTF Materiálovotechnologická fakulta  |U M  |Y 60 
245 1 |a Organizácia a riadenie strojárskej výroby 
250 |a 1. vyd. 
260 |a Bratislava :  |b Alfa,  |c 1977 
300 |a 404 s 
700 1 |a Malý, Ján  |4 aut 
700 1 |a Štrpka, Alexander,  |d 1938-  |4 aut  |u M190  |U MTF Materiálovotechnologická fakulta  |T MTF Katedra priemyselného inžinierstva a manažmentu  |X 1490  |U M190  |Y 167  |7 A000001490 
700 1 |a Dobrovodský, Dušan  |4 aut 
996 |b 284EK05075  |c E*39165  |l EE01  |s A  |a 24  |w stu53639_0001 
996 |b 284EK05076  |c E*39166  |l EE0101  |s P  |a 0  |w stu53639_0002